[Event "FAI-chT2 2021"]
[Site "Faroe Islands"]
[Date "2020.10.18"]
[Round "3.4"]
[White "Jacobsen, Runi"]
[Black "Andreasen, Jon S"]
[Result "1/2-1/2"]
[WhiteElo "1694"]
[BlackElo "1693"]
[PlyCount "71"]
[EventDate "2020.10.04"]
[EventType "team-tourn"]
[EventRounds "10"]
[EventCountry "FAI"]
[SourceTitle "EXT 2022"]
[Source "ChessBase"]
[SourceDate "2021.10.06"]
[SourceVersion "1"]
[SourceVersionDate "2021.10.06"]
[SourceQuality "1"]
[WhiteTeam "Kollafjordur II"]
[BlackTeam "Havnin III"]
[WhiteTeamCountry "FAI"]
[BlackTeamCountry "FAI"]

1. e4 c6 2. d4 d5 3. exd5 cxd5 4. Bb5+ Nc6 5. Bxc6+ bxc6 6. Nc3 Bf5 7. Bf4 e6 8. Nf3 h6 9. 0-0 Bd6 10. Ne5 Ne7 11. a3 c5 12. Nb5 Bxe5 13. Bxe5 0-0 14. dxc5 Qd7 15. Nd6 Bg6 16. c3 f6 17. Bg3 Nf5 18. Nxf5 Bxf5 19. Bd6 Rfe8 20. b4 Bg6 21. a4 Bf7 22. a5 Qb5 23. f4 Rad8 24. Rf3 a6 25. Qd3 Qc6 26. h3 Rd7 27. Rb1 Rb7 28. Rg3 Rd8 29. Qd4 Kh8 30. Qd3 Bg8 31. Re1 Bh7 32. Qe2 Be4 33. Qg4 Bf5 34. Qe2 Be4 35. Qg4 Bf5 36. Qe2 1/2-1/2

[Event "FAI-chT3 1920"]
[Site "Faroe Islands"]
[Date "2020.02.23"]
[Round "9.2"]
[White "Joensen, Hans Danjal"]
[Black "Jacobsen, Runi"]
[Result "1-0"]
[WhiteElo "1541"]
[BlackElo "1706"]
[PlyCount "107"]
[EventDate "2019.10.13"]
[EventType "team-tourn"]
[EventRounds "11"]
[EventCountry "FAI"]
[SourceTitle "CBM 195 Extra"]
[Source "ChessBase"]
[SourceDate "2020.05.31"]
[SourceVersion "1"]
[SourceVersionDate "2020.05.31"]
[SourceQuality "1"]
[WhiteTeam "Sandavagur IV"]
[BlackTeam "Kollafjordur III"]
[WhiteTeamCountry "FAI"]
[BlackTeamCountry "FAI"]

1. e4 e5 2. Nf3 Nc6 3. d4 exd4 4. Nxd4 Qf6 5. c3 Bc5 6. Be3 Nge7 7. Bc4 0-0 8. 0-0 Bb6 9. Qd2 h6 10. Nxc6 Nxc6 11. Bxb6 axb6 12. Qc2 d6 13. Nd2 Qg6 14. f4 Ra5 15. Nb3 Rh5 16. Nd4 Re8 17. Rae1 Rh4 18. Bd3 Qf6 19. Qf2 Rh5 20. f5 Ne5 21. Be2 Rh4 22. Nf3 Rxe4 23. Nd2 Rh4 24. g3 Ng4 25. Bxg4 Rxe1 26. Rxe1 Rxg4 27. Re8+ Kh7 28. Rxc8 Qe7 29. Ra8 Qd7 30. h3 Ra4 31. Rxa4 Qxa4 32. a3 Qc2 33. Nf1 Qc1 34. Qd2 Qb1 35. Qf2 b5 36. Kh2 b6 37. g4 d5 38. Ne3 Qe4 39. Nc2 c5 40. Ne1 d4 41. cxd4 cxd4 42. Kg3 d3 43. Nf3 Qd5 44. Qd2 Qd6+ 45. Kf2 Qc5+ 46. Ke1 Qc4 47. Kd1 Qa4+ 48. Kc1 Qc4+ 49. Kb1 Qe4 50. Ne1 Qh1 51. Qe3 b4 52. axb4 b5 53. Kc1 Qc6+ 54. Kd2 1-0

[Event "Runavik op"]
[Site "Runavik"]
[Date "2017.11.25"]
[Round "8"]
[White "Jacobsen, Runi"]
[Black "Apol, Luitjen Akselsson"]
[Result "1-0"]
[WhiteElo "1548"]
[BlackElo "1651"]
[PlyCount "119"]
[EventDate "2017.11.20"]
[EventType "swiss"]
[EventRounds "9"]
[EventCountry "FAI"]
[SourceTitle "CBM 181 Extra"]
[Source "ChessBase"]
[SourceDate "2017.12.12"]
[SourceVersion "1"]
[SourceVersionDate "2017.12.12"]
[SourceQuality "1"]

1. e4 c5 2. Nf3 d6 3. d4 cxd4 4. Nxd4 Nf6 5. Nc3 a6 6. Bc4 e6 7. a4 Nxe4 8. Nxe4 d5 9. Qe2 dxc4 10. Qxc4 e5 11. Ng5 Qxd4 12. Qxc8+ Qd8 13. Qxd8+ Kxd8 14. Nxf7+ Ke8 15. Nxh8 Be7 16. 0-0 Kf8 17. Be3 Kg8 18. f4 exf4 19. Rxf4 Kxh8 20. Raf1 Nc6 21. Re4 Kg8 22. c3 Rd8 23. g3 Bf6 24. Kg2 Rd7 25. Bc5 Rd2+ 26. Rf2 Rd8 27. Bd4 Nxd4 28. cxd4 Rxd4 29. Rxd4 Bxd4 30. Rd2 Bf6 31. b3 b5 32. Rd7 bxa4 33. bxa4 a5 34. Kf3 h6 35. Ke4 Kh7 36. Kd3 Kg6 37. Rd5 Kf7 38. Rxa5 Ke6 39. Ra6+ Kd7 40. Rxf6 gxf6 41. Ke4 Kc6 42. Kf5 Kb6 43. Kxf6 Ka5 44. Kg6 Kxa4 45. Kxh6 Kb5 46. g4 Kc6 47. g5 Kd7 48. g6 Ke7 49. Kh7 Kf6 50. g7 Kf5 51. g8Q Kf4 52. Qg3+ Ke4 53. Kg6 Kd5 54. h4 Ke6 55. h5 Kd5 56. h6 Kd4 57. h7 Ke4 58. Qe1+ Kd3 59. Kf5 Kc4 60. h8Q 1-0

[Event "Faroes op"]
[Site "Kollafjord"]
[Date "2017.07.19"]
[Round "9"]
[White "Jacobsen, Runi"]
[Black "Wiberg, Ingi"]
[Result "0-1"]
[WhiteElo "1564"]
[BlackElo "1759"]
[PlyCount "96"]
[EventDate "2017.07.12"]
[EventType "swiss"]
[EventRounds "9"]
[EventCountry "FAI"]
[SourceTitle "EXT 2018"]
[Source "ChessBase"]
[SourceDate "2017.10.13"]
[SourceVersion "1"]
[SourceVersionDate "2017.10.13"]
[SourceQuality "1"]

1. e4 e5 2. Nf3 Nc6 3. Bc4 Nf6 4. Ng5 d5 5. exd5 Na5 6. Bb5+ c6 7. dxc6 bxc6 8. Ba4 Bd6 9. d3 h6 10. Ne4 Nxe4 11. dxe4 Bb7 12. Qg4 Qf6 13. 0-0 0-0 14. Nd2 Ba6 15. Re1 Bc5 16. Qg3 Rad8 17. Nf3 Rfe8 18. a3 Bb6 19. b4 Nc4 20. Bb3 Bc7 21. Nh4 Nd2 22. Nf3 Nxb3 23. cxb3 Rd3 24. Be3 Re6 25. Bxa7 Qe7 26. Bc5 Qd8 27. Qh4 Qe8 28. Re3 Rxe3 29. fxe3 Qd7 30. Qe1 Rg6 31. Qd2 Qg4 32. Qf2 Qxe4 33. Nh4 Rf6 34. Nf3 Qg4 35. Qh4 Qd7 36. Qe4 Qe6 37. Rb1 Qd7 38. Nxe5 Bxe5 39. Qxe5 Qd3 40. Qa1 Qe2 41. e4 Rg6 42. Bf2 Qxe4 43. Bg3 h5 44. Re1 Qg4 45. Qd1 Qg5 46. Re8+ Kh7 47. Qd8 Rf6 48. Bf2 Qc1+ 0-1

[Event "Faroes op"]
[Site "Kollafjord"]
[Date "2017.07.14"]
[Round "4"]
[White "Petersen, Gutti"]
[Black "Jacobsen, Runi"]
[Result "1/2-1/2"]
[WhiteElo "1652"]
[BlackElo "1564"]
[PlyCount "86"]
[EventDate "2017.07.12"]
[EventType "swiss"]
[EventRounds "9"]
[EventCountry "FAI"]
[SourceTitle "EXT 2018"]
[Source "ChessBase"]
[SourceDate "2017.10.13"]
[SourceVersion "1"]
[SourceVersionDate "2017.10.13"]
[SourceQuality "1"]

1. e4 e5 2. Nf3 Nc6 3. Bb5 Nd4 4. Nxd4 exd4 5. Be2 d5 6. d3 dxe4 7. dxe4 Bb4+ 8. c3 Bc5 9. 0-0 Bb6 10. cxd4 Qxd4 11. Qc2 Nf6 12. Nc3 c6 13. Bf4 Ng4 14. Bg3 h5 15. Rad1 Qf6 16. Bf3 h4 17. Bd6 h3 18. Bg3 hxg2 19. Bxg2 Qh6 20. Qd2 Ne3 21. Rfe1 Nxg2 22. Qxh6 Rxh6 23. Kxg2 Bh3+ 24. Kh1 Ke7 25. e5 Rah8 26. Kg1 Be6 27. Rd2 Rd8 28. Rxd8 Kxd8 29. a3 Rh5 30. Kg2 Bb3 31. f4 Ba5 32. Re3 Ke7 33. Be1 Ke6 34. Bg3 Rh8 35. Ne2 Bd5+ 36. Kf1 Rd8 37. Nd4+ Kd7 38. Nf5 Bc4+ 39. Kg2 Bd5+ 40. Kf1 Bc4+ 41. Kg2 Bd5+ 42. Kf1 Bc4+ 43. Kg2 Bd5+ 1/2-1/2

[Event "FAI-chT3 1617"]
[Site "Faroe Islands"]
[Date "2016.10.30"]
[Round "2.3"]
[White "Nielsen, Jon I Horni"]
[Black "Jacobsen, Runi"]
[Result "0-1"]
[WhiteElo "1316"]
[BlackElo "1556"]
[PlyCount "48"]
[EventDate "2016.10.23"]
[EventType "team-tourn"]
[EventRounds "9"]
[EventCountry "FAI"]
[SourceTitle "EXT 2020"]
[Source "ChessBase"]
[SourceDate "2019.10.17"]
[SourceVersion "1"]
[SourceVersionDate "2019.10.17"]
[SourceQuality "1"]
[WhiteTeam "Sandavagur IV"]
[BlackTeam "Runavik"]
[WhiteTeamCountry "FAI"]
[BlackTeamCountry "FAI"]

1. e4 e5 2. Nf3 Nc6 3. Bc4 Bc5 4. c3 Nf6 5. d4 exd4 6. cxd4 Bb4+ 7. Bd2 0-0 8. Bxb4 Nxb4 9. Nc3 Nxe4 10. 0-0 d5 11. Nxe4 dxc4 12. b3 Bf5 13. Ng3 Bd3 14. Qd2 Bxf1 15. Rxf1 c3 16. Qc1 Nd5 17. Ne4 Re8 18. Nxc3 Nxc3 19. Qxc3 c6 20. Rd1 Qd5 21. h3 h6 22. Rd3 Re2 23. Nd2 Rae8 24. Re3 R8xe3 0-1

[Event "Nordic School-ch U17"]
[Site "Espoo"]
[Date "2012.02.19"]
[Round "6"]
[White "Jacobsen, Runi"]
[Black "Johansen, Stian"]
[Result "0-1"]
[WhiteElo "1478"]
[BlackElo "1990"]
[PlyCount "38"]
[EventDate "2012.02.17"]
[EventType "swiss"]
[EventRounds "6"]
[EventCountry "FIN"]
[SourceTitle "EXT 2022"]
[Source "ChessBase"]
[SourceDate "2021.10.06"]
[SourceVersion "1"]
[SourceVersionDate "2021.10.06"]
[SourceQuality "1"]

1. e4 g6 2. d4 Bg7 3. c4 c5 4. Be3 Qb6 5. Qb3 cxd4 6. Bd2 Qxb3 7. axb3 Nc6 8. Nf3 Nf6 9. Bd3 d6 10. h3 Nd7 11. 0-0 Nc5 12. Bc2 d3 13. Bd1 Nxe4 14. Bc3 Nxc3 15. bxc3 0-0 16. Ne1 Bf5 17. g4 d2 18. gxf5 dxe1Q 19. Rxe1 gxf5 0-1

[Event "Nordic School-ch U17"]
[Site "Espoo"]
[Date "2012.02.19"]
[Round "5"]
[White "Jacobsen, Runi"]
[Black "Nielsen, Mathias"]
[Result "1-0"]
[WhiteElo "1478"]
[BlackElo "1572"]
[PlyCount "35"]
[EventDate "2012.02.17"]
[EventType "swiss"]
[EventRounds "6"]
[EventCountry "FIN"]
[SourceTitle "EXT 2022"]
[Source "ChessBase"]
[SourceDate "2021.10.06"]
[SourceVersion "1"]
[SourceVersionDate "2021.10.06"]
[SourceQuality "1"]

1. e4 e5 2. Nf3 Nc6 3. Bc4 Bc5 4. c3 Nf6 5. d4 exd4 6. e5 Ng8 7. cxd4 Bb4+ 8. Nc3 Nge7 9. Ng5 0-0 10. Qh5 h6 11. Nxf7 Rxf7 12. Qxf7+ Kh8 13. Be3 a6 14. 0-0 Bxc3 15. bxc3 b5 16. Bb3 Bb7 17. Bc2 d6 18. Bxh6 1-0

[Event "Nordic School-ch U17"]
[Site "Espoo"]
[Date "2012.02.17"]
[Round "2"]
[White "Jacobsen, Runi"]
[Black "Karlsson, Mikael"]
[Result "0-1"]
[WhiteElo "1478"]
[BlackElo "1867"]
[PlyCount "36"]
[EventDate "2012.02.17"]
[EventType "swiss"]
[EventRounds "6"]
[EventCountry "FIN"]
[SourceTitle "EXT 2022"]
[Source "ChessBase"]
[SourceDate "2021.10.06"]
[SourceVersion "1"]
[SourceVersionDate "2021.10.06"]
[SourceQuality "1"]

1. e4 c5 2. Nf3 Nc6 3. c3 Nf6 4. e5 Nd5 5. d4 cxd4 6. cxd4 e6 7. a3 b6 8. Nc3 Nxc3 9. bxc3 Bb7 10. Bd3 Qc7 11. Ng5 Nxe5 12. dxe5 Qxc3+ 13. Bd2 Qxd3 14. Rg1 Bc5 15. Nf3 Bxf3 16. Qxf3 Qxf3 17. gxf3 Bd4 18. Rc1 Bxe5 0-1